|
|
|
|
| LEADER |
00000nam a2200000 i 4500 |
| 001 |
1/77719 |
| 008 |
050601s2001 eng d |
| 020 |
|
|
|a 1859734677
|
| 035 |
|
|
|l 10078315
|
| 040 |
|
|
|a GR-MY-UA
|b gre
|e aacr
|
| 041 |
0 |
|
|a eng
|
| 082 |
0 |
|
|a 304.23
|2 (22)
|
| 245 |
1 |
0 |
|a Contested landscapes :
|b movement, exile and place /
|c edited by Barbara Bender and Margot Winer
|
| 260 |
|
|
|a Oxford; New York :
|b Berg,
|c c2001
|
| 300 |
|
|
|a xvi, 372 σ.;
|b εικ., χαρτ.;
|c 24 εκ.
|
| 500 |
|
|
|a Πρακτικά τοπικής συνεδρίασης στο World Archaeological Congress που πραγματοποιήθηκε στην Cape Town, South Africa 1999
|
| 504 |
|
|
|a Περιέχει βιβλιογραφία και ευρετήριο
|
| 650 |
0 |
0 |
|a Human territoriality
|x Congresses.
|
| 650 |
0 |
0 |
|a Landscape assessment
|x Congresses.
|
| 650 |
0 |
0 |
|a Human beings
|x Effect of environment on
|x Congresses.
|
| 650 |
0 |
0 |
|a Geographical perception
|x Congresses.
|
| 700 |
1 |
|
|a Bender, Barbara.
|4 edt
|
| 700 |
1 |
|
|a Winer, Margot.
|4 edt
|
| 710 |
2 |
|
|a World Archaeological Congress.
|
| 852 |
|
|
|a INST
|b LESVOS
|e 20050902
|h 304.23 CON
|p 005100031937
|q 005100031937
|t BK
|y 0
|
| 852 |
|
|
|a INST
|b LESVOS
|e 20050902
|h 304.23 CON
|p 005100031938
|q 005100031938
|t BK
|y 0
|
| 852 |
|
|
|a INST
|b LESVOS
|e 20050902
|h 304.23 CON
|p 005100031939
|q 005100031939
|t BK
|y 0
|
| 852 |
|
|
|a INST
|b LESVOS
|e 20050601
|h 304.23 CON
|p 005100032107
|q 005100032107
|t BK
|y 0
|
| 852 |
|
|
|a INST
|b LESVOS
|e 20050602
|h 304.23 CON
|p 005100032278
|q 005100032278
|t BK
|y 0
|
| 901 |
|
|
|a BIBL1-2005-2
|
| 909 |
|
|
|a Λ
|b 113575
|
| 909 |
|
|
|a Λ
|b 113576
|
| 909 |
|
|
|a Λ
|b 113572
|
| 909 |
|
|
|a Λ
|b 113573
|
| 909 |
|
|
|a Λ
|b 113574
|
| 920 |
|
|
|a ΔΙΕΥΡΥΝΣΗ
|b ΕΠΕΑΕΚ-ΠΤΕ
|y ΛΕΣΒΟΣ
|z 2004-10
|
| 970 |
|
|
|a ΚΑΡΑ
|b ΓΙΑΣΕΜΗ
|z 2005/06/01
|